[Event "FRA-ch Youth U18 2019"]
[Site "Hyeres"]
[Date "2019.04.14"]
[Round "1.1"]
[White "Travadon, Loic"]
[Black "Petit, Jimmy"]
[Result "1-0"]
[WhiteElo "2456"]
[BlackElo "1745"]
[Annotator "ChessBase"]
[PlyCount "73"]
[EventDate "2019.04.14"]
[EventType "swiss"]
[EventCountry "FRA"]
[SourceTitle "playchess.com"]
[Source "ChessBase"]
[SourceQuality "1"]
[TimeControl "5400+30"]

1. e4 {[%emt 0:00:00]} e6 {[%emt 0:00:00]} 2. d3 {[%emt 0:00:21]} d5 {[%emt 0:01:34]} 3. Nd2 {[%emt 0:00:05]} c5 {[%emt 0:01:55]} 4. Ngf3 {[%emt 0:00:06]} Nc6 {[%emt 0:01:16]} 5. g3 {[%emt 0:00:04]} Nf6 {[%emt 0:02:12]} 6. Bg2 {[%emt 0:00:05]} Bd6 {[%emt 0:05:09]} 7. O-O {[%emt 0:00:12]} O-O {[%emt 1:21:24]} 8. Re1 {[%emt 0:00:23]} Nd7 {[%emt 0:00:00]} 9. b3 {[%emt 0:02:25]} Qf6 {[%emt 0:00:00]} 10. Rb1 {[%emt 0:00:12]} Nde5 {[%emt 0:00:00]} 11. Bb2 {[%emt 0:01:26]} Nxf3+ {[%emt 0:00:00]} 12. Nxf3 {[%emt 0:01:18]} d4 {[%emt 0:00:00]} 13. Nd2 {[%emt 0:00:34]} e5 {[%emt 0:00:00]} 14. Rf1 {[%emt 0:01:04]} Qe7 {[%emt 0:00:00]} 15. f4 {[%emt 0:02:01]} f5 {[%emt 0:00:00]} 16. exf5 {[%emt 0:05:08]} Bxf5 {[%emt 0:00:00]} 17. g4 {[%emt 0:01:18]} Bd7 {[%emt 0:00:00]} 18. f5 {[%emt 0:00:11]} Rab8 {[%emt 0:00:00]} 19. Ne4 {[%emt 0:00:25]} Nb4 {[%emt 0:00:00]} 20. Bc1 {[%emt 0:00:46]} h6 {[%emt 0:00:00]} 21. Bd2 {[%emt 0:03:00]} Bc6 {[%emt 0:00:00]} 22. g5 {[%emt 0:00:51]} Bxe4 {[%emt 0:00:00]} 23. Bxe4 {[%emt 0:00:06]} hxg5 {[%emt 0:00:00]} 24. Qg4 {[%emt 0:01:25]} Nxc2 {[%emt 0:00:00]} 25. Bxg5 {[%emt 0:00:09]} Qf7 {[%emt 0:00:00]} 26. Qg2 {[%emt 0:00:35]} Qh5 {[%emt 0:00:36]} 27. Bf3 {[%emt 0:00:32]} Qh7 {[%emt 0:01:45]} 28. Qxc2 {[%emt 0:00:13]} Rxf5 {[%emt 0:00:08]} 29. Bd5+ {[%emt 0:00:05]} Kh8 {[%emt 0:00:24]} 30. Rxf5 {[%emt 0:00:14]} Qxf5 {[%emt 0:00:04]} 31. Qg2 {[%emt 0:00:06]} Rf8 {[%emt 0:02:27]} 32. Be4 {[%emt 0:00:06]} Qe6 {[%emt 0:01:13]} 33. Kh1 {[%emt 0:00:11]} Be7 {[%emt 0:01:11]} 34. Bxe7 {[%emt 0:00:10]} Qxe7 {[%emt 0:00:01]} 35. Qh3+ {[%emt 0:00:00]} Kg8 {[%emt 0:00:13]} 36. Bd5+ {[%emt 0:00:08]} Rf7 {[%emt 0:00:03]} 37. Rf1 {[%emt 0:00:19]} 1-0

[Event "FRA-ch Youth U18 2019"]
[Site "Hyeres"]
[Date "2019.04.14"]
[Round "1.2"]
[White "Fastier, Adrien"]
[Black "Lucas, Arthur"]
[Result "0-1"]
[WhiteElo "1734"]
[BlackElo "2301"]
[Annotator "NA"]
[PlyCount "60"]
[EventDate "2019.04.14"]
[EventType "swiss"]
[EventCountry "FRA"]
[SourceTitle "playchess.com"]
[Source "ChessBase"]
[SourceQuality "1"]
[TimeControl "5400+30"]

1. e4 {[%emt 0:00:00]} c5 {[%emt 0:00:00]} 2. Nf3 {[%emt 0:00:00]} Nc6 {[%emt 0:00:00]} 3. d4 {[%emt 0:00:00]} cxd4 {[%emt 0:00:00]} 4. Nxd4 {[%emt 0:00:00]} Nf6 {[%emt 0:01:35]} 5. Nc3 {[%emt 0:00:00]} d6 {[%emt 0:00:03]} 6. Bg5 {[%emt 0:10:51]} Bd7 {[%emt 0:00:08]} 7. Qd2 {[%emt 0:08:07]} Rc8 {[%emt 0:00:09]} 8. O-O-O {[%emt 0:08:35]} Nxd4 {[%emt 0:00:19]} 9. Qxd4 {[%emt 0:02:10]} Qa5 {[%emt 0:00:05]} 10. Bxf6 {[%emt 0:03:01]} gxf6 {[%emt 0:01:48]} 11. a3 {[%emt 0:03:02]} Rg8 {[%emt 0:07:44]} 12. Qb4 {[%emt 0:05:05]} Qxb4 {[%emt 0:09:46]} 13. axb4 {[%emt 0:00:13]} Bg7 {[%emt 0:02:13]} 14. Nb5 {[%emt 0:28:46]} f5 {[%emt 0:07:15]} 15. f3 {[%emt 0:08:13]} a6 {[%emt 0:03:39]} 16. Nd4 {[%emt 0:00:51]} fxe4 {[%emt 0:02:29]} 17. fxe4 {[%emt 0:00:21]} Ba4 {[%emt 0:14:35]} 18. b3 {[%emt 0:03:29]} Bxd4 {[%emt 0:02:21]} 19. bxa4 {[%emt 0:00:21]} Bc3 {[%emt 0:00:03]} 20. b5 {[%emt 0:00:32]} axb5 {[%emt 0:00:03]} 21. Bxb5+ {[%emt 0:00:14]} Kf8 {[%emt 0:00:04]} 22. g3 {[%emt 0:02:04]} Rg4 {[%emt 0:00:22]} 23. Bd7 {[%emt 0:01:08]} Rxe4 {[%emt 0:00:12]} 24. Rhf1 {[%emt 0:10:40]} Rc5 {[%emt 0:01:34]} 25. Rd3 {[%emt 0:00:48]} Re2 {[%emt 0:02:20]} 26. Rdf3 {[%emt 0:00:51]} Bf6 {[%emt 0:00:59]} 27. Bf5 {[%emt 0:01:06]} Rxh2 {[%emt 0:00:15]} 28. Rb3 {[%emt 0:01:00]} Rc4 {[%emt 0:02:36]} 29. Bd7 {[%emt 0:00:47]} Rcxc2+ {[%emt 0:00:33]} 30. Kd1 {[%emt 0:01:02]} Bg5 {[%emt 0:02:22]} 0-1

[Event "FRA-ch Youth U18 2019"]
[Site "Hyeres"]
[Date "2019.04.14"]
[Round "1.3"]
[White "Gao, Etienne"]
[Black "Long, Raphael"]
[Result "1-0"]
[WhiteElo "2286"]
[BlackElo "1733"]
[Annotator "NA"]
[PlyCount "49"]
[EventDate "2019.04.14"]
[EventType "swiss"]
[EventCountry "FRA"]
[SourceTitle "playchess.com"]
[Source "ChessBase"]
[SourceQuality "1"]
[TimeControl "5400+30"]

1. e4 {[%emt 0:00:00]} c5 {[%emt 0:00:00]} 2. Nf3 {[%emt 0:00:00]} g6 {[%emt 0:00:00]} 3. d4 {[%emt 0:00:02]} cxd4 {[%emt 0:00:00]} 4. Nxd4 {[%emt 0:00:04]} Bg7 {[%emt 0:00:00]} 5. c4 {[%emt 0:00:13]} Nc6 {[%emt 0:00:00]} 6. Be3 {[%emt 0:00:24]} d6 {[%emt 0:00:18]} 7. Nc3 {[%emt 0:00:23]} Nh6 {[%emt 0:04:58]} 8. f3 {[%emt 0:07:58]} Nxd4 {[%emt 0:08:12]} 9. Bxd4 {[%emt 0:00:06]} O-O {[%emt 0:00:21]} 10. Bxg7 {[%emt 0:09:17]} Kxg7 {[%emt 0:00:11]} 11. Qd4+ {[%emt 0:00:08]} f6 {[%emt 0:00:22]} 12. c5 {[%emt 0:17:50]} Nf7 {[%emt 0:10:23]} 13. Rd1 {[%emt 0:04:02]} Qa5 {[%emt 0:11:32]} 14. cxd6 {[%emt 0:10:46]} Nxd6 {[%emt 0:09:43]} 15. Bc4 {[%emt 0:01:05]} Rb8 {[%emt 0:20:00]} 16. Bb3 {[%emt 0:03:42]} b6 {[%emt 0:11:56]} 17. O-O {[%emt 0:03:29]} Rd8 {[%emt 0:02:45]} 18. Kh1 {[%emt 0:11:35]} Ba6 {[%emt 0:01:28]} 19. Rfe1 {[%emt 0:00:09]} e5 {[%emt 0:03:12]} 20. Qf2 {[%emt 0:01:38]} Nb5 {[%emt 0:00:49]} 21. Nd5 {[%emt 0:02:23]} Rd7 {[%emt 0:07:53]} 22. f4 {[%emt 0:03:28]} exf4 {[%emt 0:02:06]} 23. Nxf6 {[%emt 0:02:04]} Re7 {[%emt 0:01:16]} 24. Qxf4 {[%emt 0:01:26]} Rf8 {[%emt 0:03:50]} 25. Nh5+ {[%emt 0:00:43]} 1-0

[Event "FRA-ch Youth U18 2019"]
[Site "Hyeres"]
[Date "2019.04.14"]
[Round "1.4"]
[White "Drevet, Florian"]
[Black "Mazzella, Enzo"]
[Result "0-1"]
[WhiteElo "1707"]
[BlackElo "2249"]
[Annotator "NA"]
[PlyCount "92"]
[EventDate "2019.04.14"]
[EventType "swiss"]
[EventCountry "FRA"]
[SourceTitle "playchess.com"]
[Source "ChessBase"]
[SourceQuality "1"]
[TimeControl "5400+30"]

1. d4 {[%emt 0:00:00]} Nf6 {[%emt 0:00:00]} 2. c4 {[%emt 0:00:00]} g6 {[%emt 0:00:00]} 3. Nc3 {[%emt 0:00:00]} d5 {[%emt 0:00:00]} 4. cxd5 {[%emt 0:00:57]} Nxd5 {[%emt 0:00:00]} 5. Na4 {[%emt 0:01:33]} Bg7 {[%emt 0:06:19]} 6. e4 {[%emt 0:02:08]} Nb6 {[%emt 0:00:09]} 7. Be3 {[%emt 0:01:50]} O-O {[%emt 0:00:39]} 8. Nf3 {[%emt 0:01:08]} Nc6 {[%emt 0:08:13]} 9. Nc5 {[%emt 0:13:10]} e6 {[%emt 0:16:11]} 10. Bb5 {[%emt 0:09:02]} f5 {[%emt 0:31:42]} 11. Bxc6 {[%emt 0:22:17]} bxc6 {[%emt 0:00:06]} 12. Qb3 {[%emt 0:06:57]} f4 {[%emt 0:02:31]} 13. Nxe6 {[%emt 0:05:08]} Bxe6 {[%emt 0:00:01]} 14. Qxe6+ {[%emt 0:00:12]} Kh8 {[%emt 0:00:04]} 15. Bd2 {[%emt 0:03:17]} Re8 {[%emt 0:19:51]} 16. Qxc6 {[%emt 0:03:20]} Qd6 {[%emt 0:00:12]} 17. Qc2 {[%emt 0:05:20]} g5 {[%emt 0:06:22]} 18. h3 {[%emt 0:05:26]} Qg6 {[%emt 0:01:15]} 19. O-O {[%emt 0:03:43]} g4 {[%emt 0:02:32]} 20. hxg4 {[%emt 0:01:18]} Qxg4 {[%emt 0:00:02]} 21. Qxc7 {[%emt 0:02:51]} Rf8 {[%emt 0:03:46]} 22. Ne5 {[%emt 0:07:15]} Qh5 {[%emt 0:00:32]} 23. Nf3 {[%emt 0:00:58]} Rac8 {[%emt 0:00:29]} 24. Qxa7 {[%emt 0:00:36]} Rf6 {[%emt 0:00:05]} 25. Rfc1 {[%emt 0:01:48]} Rg8 {[%emt 0:00:45]} 26. Rc5 {[%emt 0:00:45]} Qe8 {[%emt 0:00:40]} 27. Re5 {[%emt 0:01:00]} Qd8 {[%emt 0:00:32]} 28. Ba5 {[%emt 0:00:41]} Rg6 {[%emt 0:00:27]} 29. Re7 {[%emt 0:00:42]} Qd6 {[%emt 0:00:33]} 30. Bxb6 {[%emt 0:00:23]} Qb4 {[%emt 0:00:29]} 31. Bc5 {[%emt 0:00:30]} Qxb2 {[%emt 0:00:25]} 32. Rf1 {[%emt 0:00:18]} Qe2 {[%emt 0:00:29]} 33. Rxg7 {[%emt 0:01:01]} R6xg7 {[%emt 0:00:09]} 34. Qxg7+ {[%emt 0:00:55]} Rxg7 {[%emt 0:00:05]} 35. Nh2 {[%emt 0:00:22]} Qxe4 {[%emt 0:00:21]} 36. f3 {[%emt 0:00:08]} Qe3+ {[%emt 0:00:36]} 37. Kh1 {[%emt 0:00:09]} Qe2 {[%emt 0:01:04]} 38. Rg1 {[%emt 0:00:11]} Qxa2 {[%emt 0:00:26]} 39. Bd6 {[%emt 0:00:05]} Rf7 {[%emt 0:00:48]} 40. Re1 {[%emt 0:00:25]} Qa4 {[%emt 0:00:38]} 41. Ng4 {[%emt 0:00:35]} h5 {[%emt 0:00:30]} 42. Ne5 {[%emt 0:00:44]} Rg7 {[%emt 0:00:26]} 43. Bf8 {[%emt 0:01:45]} Rg8 {[%emt 0:00:33]} 44. Nf7+ {[%emt 0:00:22]} Kh7 {[%emt 0:00:05]} 45. Bc5 {[%emt 0:00:41]} Qa2 {[%emt 0:00:12]} 46. Rg1 {[%emt 0:00:12]} Qxf7 {[%emt 0:00:06]} 0-1

[Event "FRA-ch Youth U18 2019"]
[Site "Hyeres"]
[Date "2019.04.15"]
[Round "2.1"]
[White "Dreyfus, Jacques"]
[Black "Travadon, Loic"]
[Result "0-1"]
[WhiteElo "1888"]
[BlackElo "2456"]
[Annotator "TA"]
[PlyCount "126"]
[EventDate "2019.04.14"]
[EventType "swiss"]
[EventCountry "FRA"]
[SourceTitle "playchess.com"]
[Source "ChessBase"]
[SourceQuality "1"]

{[%evp 9,126,10,0,0,-5,-6,8,8,31,13,31,-5,44,36,35,36,60,0,20,18,25,46,62,18,0,-186,-154,-207,96,87,91,-150,-18,-18,-13,-17,0,0,0,0,0,0,0,0,0,0,0,0,0,0,0,0,0,0,0,0,0,-20,0,0,14,0,39,0,0,-40,0,-16,-10,-11,0,-65,-81,-50,0,0,0,0,0,0,0,0,0,-579,-581,-574,-560,-529,-540,-582,-570,-664,-653,-952,-914,-850,-752,-685,-593,-914,-765,-712,-686,-1097,-1018,-5879,-5010,-7879,-7065,-29959,-29966,-29976,-29977,-29977,-29978,-29978,-29979,-29979,-29981]} 1. e4 c6 2. d4 d5 3. Nc3 dxe4 4. Nxe4 Bf5 5. Nc5 e5 6. Nxb7 {B18: Classical Caro-Kann: 4...Bf5 sidelines} Qb6 7. Nc5 $1 exd4 8. Nb3 {The position is equal.} Bb4+ 9. Bd2 $1 Nf6 10. Qe2+ Kf8 $146 ({Predecessor:} 10... Be6 11. Nf3 Bxd2+ 12. Qxd2 c5 13. Ng5 O-O 14. Nxe6 Qxe6+ {½-½ (87) Savchenko,B (2609)-Dreev,A (2710) Apatity 2011}) 11. Bxb4+ Qxb4+ 12. Qd2 Qe7+ 13. Qe2 ({Better is} 13. Be2 $14) 13... Qd6 14. Qc4 $36 {[%mdl 2048] White is more active.} Nbd7 15. Nxd4 Re8+ 16. Be2 (16. Nge2 $5 {[%cal Rd4f5]} Bg4 17. f3 $14) 16... Be4 $1 {[%cal Re4g2]} 17. O-O-O $2 (17. f3 $11 Nb6 18. Qc3) 17... Bd5 18. Qd3 (18. Ndf3 $17) 18... Ne5 $2 {[#]} ({Worse is} 18... Bxa2 19. Qg3 $11) ({Black should play} 18... Bxg2 $19 19. Ngf3 Bxh1 20. Rxh1 g6) 19. Qg3 $1 $16 Ne4 20. Nf5 $2 {[#]} (20. Qe3 $16 {is forced if you want to stay better.}) 20... Nxg3 (20... Qf6 $1 $17 21. Qa3+ (21. Qf4 $2 g5 $19) 21... Kg8) 21. Nxd6 $11 Nxh1 22. Nxe8 Kxe8 23. f3 $1 g5 {Black wants to play ...g4.} 24. Nh3 g4 $1 {[%cal Rg4h3]} 25. Nf4 gxf3 26. gxf3 Bxf3 27. Bxf3 Nxf3 28. Rxh1 {[%mdl 4096] Endgame KRN-KRN} Rg8 29. h3 Rg3 30. Kd1 Ng5 31. Ke2 f5 32. h4 Ne4 33. Rh2 Rg4 34. Nd3 Rg1 35. Nf2 Ng3+ 36. Kd3 Ke7 37. Nh3 Rf1 38. Rg2 Rf3+ 39. Kc4 Nf1 40. Rg7+ (40. Ng1 $1 $11) 40... Kf6 (40... Kf8 $5 41. Rf7+ $8 Ke8 $11) 41. Rf7+ Kg6 (41... Kxf7 $5 42. Ng5+ $8 {[%mdl 64] Double Attack} Kf6 43. Nxf3 f4 $15) 42. h5+ $1 {[%mdl 64] Decoy} Kxh5 {Hoping for ...Kg6.} 43. Rxh7+ Kg6 {White must now prevent ...Nd2+.} 44. Rh8 Ne3+ 45. Kd3 {Threatens to win with Ke2.} Nd5+ 46. Ke2 $2 {[%mdl 8192] [#]} (46. Kd2 $11 {and White has nothing to worry.}) 46... Rxh3 $1 $19 {[%mdl 512] KRN-KR} 47. Rc8 (47. Rxh3 Nf4+) 47... Rh2+ 48. Kd3 Kg5 49. c4 Nb4+ 50. Kc3 Nxa2+ 51. Kb3 Nc1+ 52. Kc3 Ne2+ 53. Kd3 Nf4+ {[%mdl 64] Discovered Attack} 54. Kd4 Rxb2 55. Rxc6 Rd2+ 56. Kc3 Rd3+ 57. Kb4 Nd5+ 58. cxd5 Rxd5 {KR-KR} 59. Rc7 f4 {Black mates.} 60. Rxa7 f3 61. Kc4 Rf5 62. Rg7+ Kf4 63. Ra7 f2 {Accuracy: White = 46%, Black = 47%.} 0-1

[Event "FRA-ch Youth U18 2019"]
[Site "Hyeres"]
[Date "2019.04.15"]
[Round "2.2"]
[White "Lucas, Arthur"]
[Black "Navrotescu, Vlad-Andrei"]
[Result "0-1"]
[WhiteElo "2301"]
[BlackElo "1892"]
[Annotator "NA RC"]
[PlyCount "68"]
[EventDate "2019.04.14"]
[EventType "swiss"]
[EventCountry "FRA"]
[SourceTitle "playchess.com"]
[Source "ChessBase"]
[SourceQuality "1"]
[TimeControl "5400+30"]

{[%evp 10,68,27,32767,18,9,16,18,89,127,105,93,109,108,231,32767,99,54,86,61,57,0,0,4,0,-119,-103,-547,-587,-546,-586,-574,-620,-731,-746,-687,-723,-845,-511,-507,-528,-529,-539,-662,-764,-563,-740,-835,32767,-854,-830,-6821,-29987,32767,-29986,-4878,-29989,-29989,-831,-29996,-29997]} 1. e4 {[%emt 0:00:00]} e6 {[%emt 0:00:00]} 2. d4 {[%emt 0:00:00]} d5 {[%emt 0:00:00]} 3. Bd3 {[%emt 0:00:13]} c5 {[%emt 0:00:06]} 4. exd5 {[%emt 0:00:07]} exd5 {[%emt 0:01:36]} 5. Nf3 {[%emt 0:00:20]} Nf6 {[%emt 0:01:01]} 6. O-O {[%emt 0:03:43] C01: French: Exchange Variation} c4 {[%emt 0:01:29]} 7. Be2 {[%emt 0:05:55]} (7. Re1+ Be7 8. Be2 O-O 9. b3 cxb3 10. axb3 Nc6 11. c3 Re8 12. Nbd2 Bd6 13. Bd3 Bg4 14. Rxe8+ Qxe8 {0-1 (52) Fontaine,R (2563)-Carlsen,M (2834) chess.com INT 2018}) 7... Bd6 {[%emt 0:05:27]} 8. b3 {[%emt 0:01:27] LiveBook: 12 Games} Qc7 $146 {[%emt 0:03:35]} ({Predecessor:} 8... cxb3 $11 9. axb3 O-O 10. c4 Nc6 11. Nc3 Bb4 12. Nxd5 Nxd5 13. cxd5 {0-1 (21) Druska,J (2441)-Matsenko,S (2534) Konya 2017}) 9. bxc4 {[%emt 0:09:22]} dxc4 {[%emt 0:00:27]} 10. Na3 {[%emt 0:00:04]} Be6 {[%emt 0:22:12]} 11. Nb5 {[%emt 0:00:40]} Qc6 {[%emt 0:00:28] [#]} (11... Qd7 $16 12. Nxd6+) 12. Nxd6+ {[%emt 0:11:09]} (12. d5 $1 $18 {[%mdl 512] is more deadly.} Nxd5 {[#]} (12... Qxd5 13. Nxd6+) 13. Bxc4 $1 {[%mdl 512]}) 12... Qxd6 {[%emt 0:00:07]} 13. a4 {[%emt 0:04:30]} Qc7 {[%emt 0:01:32]} 14. Ba3 {[%emt 0:02:30]} Nc6 {[%emt 0:06:35]} 15. Ng5 {[%emt 0:06:05]} (15. Ne5 $14) 15... Bd5 $1 {[%emt 0:00:23]} 16. c3 {[%emt 0:14:38]} O-O-O {[%emt 0:03:38]} 17. Bf3 {[%emt 0:05:48]} (17. Nf3 $11 {remains equal.}) 17... h6 {[%emt 0:06:59]} 18. Bxd5 $4 {[%emt 0:03:16]} (18. Nh3 $17) 18... hxg5 {[%emt 0:00:12]} ({And not} 18... Rxd5 19. Nf3 $14) 19. h3 {[%emt 0:03:08]} Rxd5 {[%emt 0:00:13]} 20. Qe2 {[%emt 0:01:38] [#]} g4 $1 {[%emt 0:00:20]} 21. Qxc4 {[%emt 0:00:22]} gxh3 {[%emt 0:00:08]} 22. g3 {[%emt 0:00:03]} Rg5 {[%emt 0:01:58]} 23. Qd3 {[%emt 0:00:32]} Nh5 {[%emt 0:05:24]} 24. Kh2 {[%emt 0:01:09]} f5 {[%emt 0:00:40]} 25. Bc1 {[%emt 0:06:12]} f4 {[%emt 0:04:23]} 26. Rg1 {[%emt 0:00:35]} fxg3+ {[%emt 0:01:34]} 27. fxg3 {[%emt 0:00:08] [#]} Rxg3 $1 {[%emt 0:00:29]} 28. Qf5+ {[%emt 0:02:46]} Kb8 {[%emt 0:03:15]} 29. Bf4 {[%emt 0:00:39]} Nxf4 {[%emt 0:00:08]} 30. Kxg3 {[%emt 0:01:11]} Ne2+ {[%emt 0:00:35] Double Attack} 31. Kf2 {[%emt 0:00:18]} Nxg1 {[%emt 0:00:13]} 32. Rxg1 {[%emt 0:00:10]} Qh2+ {[%emt 0:01:49]} 33. Kf1 {[%emt 0:00:03]} Re8 $19 {[%emt 0:00:25]} (33... Qd2 $142 34. Qf7 {[#]} Nxd4 $1 {[%mdl 512]} 35. cxd4 Rc8 36. Qf4+ Qxf4+ 37. Ke2 Rc2+ 38. Kd3 Rd2+ 39. Kc4 Qxd4+ {[%mdl 64] Double Attack} 40. Kb5 Rb2+ 41. Ka5 Qe5#) 34. Qf3 {[%emt 0:00:20]} Qd2 {[%emt 0:00:48]} 0-1

[Event "FRA-ch Youth U18 2019"]
[Site "Hyeres"]
[Date "2019.04.15"]
[Round "2.3"]
[White "Brault, Gabriel"]
[Black "Gao, Etienne"]
[Result "0-1"]
[WhiteElo "1884"]
[BlackElo "2286"]
[Annotator "TA"]
[PlyCount "80"]
[EventDate "2019.04.14"]
[EventType "swiss"]
[EventCountry "FRA"]
[SourceTitle "playchess.com"]
[Source "ChessBase"]
[SourceQuality "1"]

{[%evp 14,80,18,0,16,7,24,24,50,56,44,15,65,65,54,24,43,42,61,0,-13,-64,0,-74,-7,-15,0,0,16,0,27,27,15,-24,31,3,100,25,45,0,60,60,46,42,47,65,60,61,67,76,67,16,65,0,0,0,5,-157,0,0,172,167,164,158,156,156,128,7,10]} 1. e4 c5 2. Be2 Nc6 3. f4 e6 4. Nf3 d5 5. d3 Nge7 6. O-O g6 7. c3 Bg7 8. e5 O-O {B21: Sicilian: 2 f4 and Morra Gambit} 9. d4 cxd4 (9... Qb6 10. Na3 cxd4 11. cxd4 Bd7 12. Kh1 Nf5 13. Nc2 h5 14. b3 Rfc8 15. Bd3 a5 16. Bxf5 exf5 {½-½ (48) Fedorov,A (2578)-Khatoev,E (2338) Samara 2013}) 10. cxd4 a6 $146 {White has an edge.} ({Predecessor:} 10... Qb6 11. b3 Nf5 12. Qd3 Ncxd4 13. Kh1 Nxe2 14. Qxe2 {0-1 (31) Aarnes,C-Solem,T (2185) Oslo 2001}) 11. Nc3 b5 12. Rb1 Na5 13. b3 Rb8 14. Ne1 Qc7 15. Bb2 Qa7 16. g4 (16. Qd2 $14) 16... f6 $11 17. Kg2 (17. Kh1 $11) 17... Bd7 (17... Nac6 $1 $15 18. Nc2 g5) 18. a3 (18. Qd2 $11) 18... fxe5 (18... Nac6 $17 {[%cal Rf6e5]} 19. Na2 g5) 19. fxe5 Rxf1 20. Bxf1 Rf8 21. Nf3 $1 Nec6 22. Ne2 Be8 23. h4 Qe7 (23... h5 $11 24. g5 Qf7 {[%mdl 64] Decoy}) 24. Qd3 Nd8 (24... h5 $11 {remains equal.}) 25. Bc3 (25. Bc1 $1 $16) 25... Ndc6 26. Bb2 (26. Qd2 $5 {[%cal Rc3a5]}) 26... b4 (26... Nd8 $11) 27. a4 $1 $14 Qf7 28. Kg3 Nxb3 29. Qxb3 {Bg2 is the strong threat.} Na5 30. Qd3 {Hoping for Bc1.} Bxa4 {White must now prevent ...Bc2!} 31. Bg2 Bb5 32. Qd2 ({White should play} 32. Qc2 $14) 32... Nc4 33. Qxb4 ({White should try} 33. Qe1 $14) 33... Ne3 $11 34. Qc3 $1 {[%cal Rc3e3]} Nxg2 35. Neg1 $2 ({Only move:} 35. Ba3 $11 Nf4 36. Neg1) 35... Nf4 $2 ({Better is} 35... Qf4+ $1 $17 36. Kxg2 Qxg4+ 37. Kh1 Be2 $1 {[%mdl 512]}) 36. Ba3 g5 $2 (36... Nd3 $1 $11 37. Qd2 Qf4+ 38. Qxf4 Rxf4) 37. Bxf8 $18 gxh4+ ({Don't blunder} 37... Qxf8 $2 38. Nxg5 (38. hxg5 Qf7 $18) 38... Bh6 39. Qf3 $18) 38. Nxh4 Bxf8 39. Qf3 Bh6 {[#]} 40. Rd1 (40. Ng2 $1 $16 {[%cal Rg2f4]} Nxg2 41. Qxf7+ Kxf7 42. Kxg2) 40... Qc7 $1 {[%mdl 32768] Accuracy: White = 32%, Black = 23%. . Loss on time!?} 0-1

[Event "FRA-ch Youth U18 2019"]
[Site "Hyeres"]
[Date "2019.04.15"]
[Round "2.4"]
[White "Mazzella, Enzo"]
[Black "Espinoux, Jules"]
[Result "1/2-1/2"]
[WhiteElo "2249"]
[BlackElo "1885"]
[Annotator "TA"]
[PlyCount "79"]
[EventDate "2019.04.14"]
[EventType "swiss"]
[EventCountry "FRA"]
[SourceTitle "playchess.com"]
[Source "ChessBase"]
[SourceQuality "1"]

{[%evp 14,79,4,4,16,17,24,23,18,21,36,39,35,18,37,12,17,24,37,21,76,68,93,104,162,155,172,182,185,172,230,85,306,302,304,312,304,283,267,255,246,200,199,180,183,6,8,0,0,0,0,0,0,0,0,0,0,0,0,0,0,0,0,0,0,0,0,0]} 1. e4 c5 2. Nc3 g6 3. d4 cxd4 4. Qxd4 Nf6 5. Nf3 Nc6 6. Qa4 d6 7. e5 dxe5 8. Nxe5 {Threatening Bc4.} Bd7 {B27: Sicilian: 2 Nf3, unusual Black 2nd moves} 9. Nxd7 Qxd7 10. Be3 (10. Be2 Bg7 11. O-O O-O 12. Rd1 Qf5 13. Bd3 Qh5 14. Qb5 Qxb5 15. Bxb5 Nb4 16. Ba4 {1-0 (60) Guseinov,G (2664)-Gordievsky,D (2614) St Petersburg 2018}) 10... Bg7 {White has an edge.} 11. Rd1 Qf5 12. Ba6 Qc8 13. Bb5 O-O 14. Bxc6 bxc6 15. O-O $36 {[%mdl 2048] White is more active.} Nd7 $146 ({Predecessor:} 15... Qb7 16. b3 a5 17. Rd3 {½-½ (69) Mohr,G (2469)-Huang,R (2280) Qinhuangdao 2018}) 16. Qa3 Ne5 (16... Re8 $11) 17. Qxe7 $16 Re8 18. Qh4 Rb8 (18... h5 $16) 19. Ne4 $18 {Nd6 is the strong threat.} (19. Bxa7 $6 Rxb2 20. Ne4 Rxa2 $14) 19... Qg4 20. Nf6+ Bxf6 21. Qxf6 Qh5 (21... Qe6 $142 22. Qxe6 Rxe6) 22. Rd4 ({Don't take} 22. Bd4 $6 Re6) (22. h3 $18 {and White stays clearly on top.} Qf5 23. Qxf5 gxf5 24. b3 (24. Bxa7 Rxb2 {[%mdl 64] Double Attack} 25. Bd4 Rb4 $16)) 22... Re6 $2 (22... Rxb2 $16 {was worth a try.} 23. Bg5 Rbb8) 23. Rd8+ Rxd8 24. Qxd8+ Kg7 25. h3 ({Don't do} 25. Bxa7 c5 $18) 25... Qe2 26. Bc5 {[#] White threatens Bf8+ and mate.} Re8 27. Qd4 ({And not} 27. Qxe8 Nf3+ 28. gxf3 Qxe8 $17) 27... Kg8 28. Qc3 Nc4 29. Bb4 $2 (29. Ra1 $18) 29... c5 $1 $11 {[%cal Rc5b4] The position is equal.} 30. Ba5 Nxa5 31. Qxa5 Qxc2 {[%mdl 4096] Endgame KQR-KQR} 32. b3 Re2 33. Qxa7 Qxa2 34. Qxc5 Qxb3 35. Ra1 {[#] Strongly threatening Ra8+.} Re8 36. Rc1 Qe6 37. h4 h5 38. Qg5 Qe7 39. Qxe7 Rxe7 40. g3 {Accuracy: White = 58%, Black = 50%.} 1/2-1/2

[Event "FRA-ch Youth U18 2019"]
[Site "Hyeres"]
[Date "2019.04.15"]
[Round "3.1"]
[White "Travadon, Loic"]
[Black "Ruble, Louis"]
[Result "1-0"]
[WhiteElo "2456"]
[BlackElo "2002"]
[Annotator "TA"]
[PlyCount "61"]
[EventDate "2019.04.14"]
[EventType "swiss"]
[EventCountry "FRA"]
[SourceTitle "playchess.com"]
[Source "ChessBase"]
[SourceQuality "1"]

{[%evp 16,61,41,24,58,35,58,51,87,65,97,107,114,114,117,100,89,74,74,89,174,179,303,264,320,310,408,344,416,343,348,398,402,400,372,374,387,372,444,398,433,399,645,621,1986,1947,1625,1542]} 1. Nf3 Nf6 2. b3 g6 3. Bb2 Bg7 4. g3 O-O 5. Bg2 d5 6. c4 c6 7. O-O Nbd7 8. d4 Ne4 9. e3 Ndf6 {D78: Fianchetto Grünfeld: 6 0-0 c6} 10. Qe2 Be6 11. Ne5 Qc8 {White is slightly better.} (11... a5 12. Na3 a4 13. f3 Nd6 14. c5 Nf5 15. b4 Bc8 16. Rad1 e6 17. e4 {1-0 (98) Gelfand,B (2695)-Korobov,A (2678) Poikovsky 2018}) 12. cxd5 $146 ({Predecessor:} 12. f3 Nd6 13. c5 Nde8 14. g4 Nd7 15. Nd3 b6 16. b4 Qa6 17. Nc3 bxc5 18. bxc5 {1-0 (37) Bai,J (2568)-Lynch,J (2267) Las Vegas 2018}) 12... Bxd5 13. f3 Nd6 14. Nc3 Be6 15. Rac1 Bh3 16. Rfd1 Bxg2 17. Kxg2 Qf5 {[#]} (17... Nfe8 $16) 18. e4 $1 $18 {[%cal Re4f5]} Qg5 (18... Qc8 $142 19. Nd3 Nfe8) 19. h4 Qh5 20. g4 Qxh4 21. Rh1 Qg5 {[#] White should prevent ...Nh5.} 22. f4 $1 {[%mdl 512]} Qxf4 {[%cal Rd6e4]} 23. Rcf1 Nh5 24. Rxh5 ({Less strong is} 24. gxh5 Qg5+ 25. Kh3 Qxh5+ 26. Qxh5 gxh5 $18) 24... Qxf1+ 25. Qxf1 ({Much less strong is} 25. Kxf1 gxh5 26. gxh5 Rad8 $18) 25... gxh5 26. gxh5 f5 27. Qd3 Rad8 28. Ba3 Bxe5 $2 (28... fxe4 29. Nxe4 Nf5) 29. dxe5 {White is clearly winning.} Nf7 30. Qg3+ Kh8 31. Bxe7 {[%mdl 64] Double Attack. Accuracy: White = 76%, Black = 26%.} 1-0